Geografía por letra - N - Estadísticas

Estadísticas generales
  • Esta prueba ha sido intentada 4.801 veces
  • La puntuación promedio es 14 de 22
Estadísticas de respuestas
Pista Respuesta % Correcto
El río más largo del mundo Nilo
97%
País en el Himalaya Nepal
95%
Estado de EE. UU. donde se encuentra Las Vegas Nevada
91%
País famoso por los fiordos Noruega
91%
La ciudad que nunca duerme Nueva York
91%
Ciudad donde se inventó la pizza Nápoles
90%
Ciudad golpeada por una bomba atómica Nagasaki
89%
Catedral de París o universidad americana Notre Dame
85%
Ciudad de la juventud de Jesús Nazaret
82%
Capital de Kenia Nairobi
81%
El país insular más pequeño Nauru
69%
Ciudad bávara y lugar de juicio nazi Núremberg
62%
Término para personas migratorias como los beduinos Nómada
56%
Idioma oficial de Surinam Neerlandés
52%
Región francesa en el Canal de La Mancha Normandía
49%
Capital de la música country de Estados Unidos Nashville
38%
Japón en japonés Nihon
35%
La tribu nativa americana del sudoeste más grande Navajo
31%
El estado más poblado de Australia Nueva Galés del Sur
31%
Su capital es Pamplona Navarra
29%
El territorio más nuevo y más grande de Canadá Nunavut
18%
Apellido compartido por el 39% de vietnamitas Nguyễn
17%
No se encontraron pruebas coincidentes
Distribución de puntuación
Porcentaje de gente con cada puntuación
Porcentaje por número respondido
Historial de tus puntuaciones
No has intentado esta prueba.